000 00511cam a2200205ua 4500
001 9697
005 20260515114518.0
008 160613n ii |||gr||||Z||||||eng
020 _a8171565999
040 _cMAIN
041 _aeng
082 _a370.54
100 _aSharma, Ram Nath,
_eAuthor.
245 1 _aHistory of education in India
_cby Ram Nath Sharma
260 _aNew Delhi:
_bAtlantic,
_c2004.
300 _a343p.
653 _aEducation
700 _aSharma, Rajendra Kumar,
_eAuthor.
942 _cBK
999 _c8703
_d8703